Prepositions in TV Shows IV Quiz Stats

 Plays Quiz Updated May 22, 2019

Score 0/20 Timer 03:00
10 Plays Today
% Correct
To
95.2%
Of
94.7%
As
93.9%
Up
91.9%
On
91.1%
Vs.
90.4%
By
90%
From
89.4%
About
89.4%
Off
87.4%
% Correct
For
86.5%
Below
83.6%
In
82.5%
Beyond
79.9%
With
79.9%
After
72.3%
Over
72.1%
At
68.7%
Inside
67%
Without
54.4%

You're not logged in!

Compare scores with friends on all Sporcle quizzes.
OR
Log In

Sporcle TV

Today on Sporcle TV


Watch our educational content, quiz creation guides, and fun videos on Sporcle TV.

Show Comments

Extras

Top Quizzes Today


Score Distribution

Your Account Isn't Verified!

In order to create a playlist on Sporcle, you need to verify the email address you used during registration. Go to your Sporcle Settings to finish the process.

Report this User

Report this user for behavior that violates our Community Guidelines.

Details: